<?xml version="1.0" encoding="UTF-8"?>
<record
    xmlns:xsi="http://www.w3.org/2001/XMLSchema-instance"
    xsi:schemaLocation="http://www.loc.gov/MARC21/slim http://www.loc.gov/standards/marcxml/schema/MARC21slim.xsd"
    xmlns="http://www.loc.gov/MARC21/slim">

  <leader>01997cam a22003135a 4500</leader>
  <controlfield tag="001">17979104</controlfield>
  <controlfield tag="005">20170115144906.0</controlfield>
  <controlfield tag="008">131213s2014    sz a   fr     001 0 eng d</controlfield>
  <datafield tag="020" ind1=" " ind2=" ">
    <subfield code="a">9783037681534</subfield>
  </datafield>
  <datafield tag="040" ind1=" " ind2=" ">
    <subfield code="a">DLC</subfield>
    <subfield code="b">eng</subfield>
    <subfield code="c">DLC</subfield>
    <subfield code="d">EG-ScBUE</subfield>
  </datafield>
  <datafield tag="041" ind1="0" ind2=" ">
    <subfield code="a">eng</subfield>
    <subfield code="a">ger</subfield>
    <subfield code="a">fre</subfield>
  </datafield>
  <datafield tag="082" ind1="0" ind2="4">
    <subfield code="2">22</subfield>
    <subfield code="a">726</subfield>
    <subfield code="b">UFF</subfield>
  </datafield>
  <datafield tag="100" ind1="1" ind2=" ">
    <subfield code="a">Uffelen, Chris van.</subfield>
    <subfield code="9">37513</subfield>
  </datafield>
  <datafield tag="245" ind1="1" ind2="0">
    <subfield code="a">Sacred architecture + design :</subfield>
    <subfield code="b">churches, synagogues, mosques &amp; temples = Sacree architecture + design : eglises, synagogues, mosquees /</subfield>
    <subfield code="c">Chris van Uffelen.</subfield>
  </datafield>
  <datafield tag="246" ind1="3" ind2="1">
    <subfield code="a">Sacree architecture + design :</subfield>
    <subfield code="b">eglises, synagogues, mosquees</subfield>
  </datafield>
  <datafield tag="250" ind1=" " ind2=" ">
    <subfield code="a">1st ed.</subfield>
  </datafield>
  <datafield tag="260" ind1=" " ind2=" ">
    <subfield code="a">[Salenstein] :</subfield>
    <subfield code="b">Braun,</subfield>
    <subfield code="c">2014.</subfield>
  </datafield>
  <datafield tag="300" ind1=" " ind2=" ">
    <subfield code="a">301 p. :</subfield>
    <subfield code="b">ill.  ;</subfield>
    <subfield code="c">25 cm.</subfield>
  </datafield>
  <datafield tag="490" ind1="0" ind2=" ">
    <subfield code="a">Masterpieces = Chefs d'oevre</subfield>
  </datafield>
  <datafield tag="500" ind1=" " ind2=" ">
    <subfield code="a">Includes index.</subfield>
  </datafield>
  <datafield tag="520" ind1=" " ind2=" ">
    <subfield code="a">Sacred buildings are among the oldest types of edifice produced in human civilisation. As they have throughout history, the construction of churches, synagogues, mosques and other building which are used for sacred, ritual or ceremonial acts is still considered the most prestigious of construction tasks. Next to functional demands, which are heavily ritualized in liturgical practice, the architects must concentrate particularly on the aesthetic expression. The space must operate as a framework for belief, with specific reference to the religion to be served. It must also be an appropriate stage for the experience of the divine service and concomitant spirituality. This volume shows exceptional examples of buildings from the various religions and denominations which often attain the status of works of art. By acknowledging the concept of world religions, exciting parallels and clear distinctions in contemporary sacred architecture emerge.</subfield>
  </datafield>
  <datafield tag="546" ind1=" " ind2=" ">
    <subfield code="a">Text in English, German and French.</subfield>
  </datafield>
  <datafield tag="650" ind1=" " ind2="0">
    <subfield code="a">Religious architecture.</subfield>
    <subfield code="2">BUEsh</subfield>
  </datafield>
  <datafield tag="650" ind1=" " ind2="0">
    <subfield code="a">Religious facilities.</subfield>
    <subfield code="2">BUEsh</subfield>
  </datafield>
  <datafield tag="650" ind1=" " ind2="0">
    <subfield code="a">Sacred space.</subfield>
    <subfield code="2">BUEsh</subfield>
  </datafield>
  <datafield tag="651" ind1=" " ind2=" ">
    <subfield code="2">BUEsh</subfield>
  </datafield>
  <datafield tag="653" ind1=" " ind2=" ">
    <subfield code="b">ENGARC</subfield>
    <subfield code="c">January2017</subfield>
  </datafield>
  <datafield tag="942" ind1=" " ind2=" ">
    <subfield code="2">ddc</subfield>
  </datafield>
  <datafield tag="999" ind1=" " ind2=" ">
    <subfield code="c">23943</subfield>
    <subfield code="d">23915</subfield>
  </datafield>
  <datafield tag="952" ind1=" " ind2=" ">
    <subfield code="0">0</subfield>
    <subfield code="1">0</subfield>
    <subfield code="2">ddc</subfield>
    <subfield code="4">0</subfield>
    <subfield code="7">0</subfield>
    <subfield code="8">Mediterran</subfield>
    <subfield code="a">MAIN</subfield>
    <subfield code="b">MAIN</subfield>
    <subfield code="c">2ND</subfield>
    <subfield code="d">2017-01-15</subfield>
    <subfield code="e">Purchase</subfield>
    <subfield code="g">527.00</subfield>
    <subfield code="h">3683</subfield>
    <subfield code="l">0</subfield>
    <subfield code="o">726 UFF</subfield>
    <subfield code="p">000040967</subfield>
    <subfield code="r">2025-07-15 00:00:00</subfield>
    <subfield code="v">658.75</subfield>
    <subfield code="y">BB</subfield>
  </datafield>
</record>
